Statistics for Jose Rizal quiz

Click here to take the quiz!

General Stats

  • This quiz has been taken 37 times
  • The average score is 6 of 13

Answer Stats

HintAnswer% Correct
In May 1882, he traveled alone to what country?Spain
74%
Where was José Rizal born?Calamba, Laguna
67%
What are the novels he published about the cruelty of the Spanish friars which also inspired the Philippine revolution?Noli me tangere
63%
Where was he executed?Bagumbayan
59%
Tha place where he was deported because of the confiscated reading materialsDapitan
52%
Who did Rizal marry pior to his execution?Josephine Bracken
48%
The main newspaper of the above which Jose contributed numerous articlesLa Solidaridad
41%
The day he was executedDecember 30 1896
37%
El Filibusterismo
37%
The nonviolent-reform group Rizal joined after returning to the Philippines in 1892La liga filipina
37%
What is his full name?José Protacio Rizal Mercado Y Alonso Realonda
33%
What was the last poem he wrote before his executionMi ultimo adíos
33%
He became the leader of what movement?Propaganda Movement
30%

Score Distribution

Percentile by Number Answered

Percent of People with Each Score

Your Score History

You have not taken this quiz